Linkin Park- From Zero - Statistiques

Statistiques générales
  • Ce quiz a été pris 235 fois
  • Le résultat moyen est 8 sur 11
Statistiques - réponses
Hint Réponse % Correct
02 The Emptiness Machine
97%
04 Heavy Is The Crown
89%
01 From Zero (Intro)
80%
08 Two Faced
78%
03 Cut The Bridge
75%
09 Stained
68%
11 Good Things Go
66%
10 IGYEIH
66%
06 Casualty
64%
05 Over Each Other
64%
07 Overflow
60%
Aucun quiz correspondant
Distribution des résultats
% des personnes avec chaque résultat
Percentile par nombre de réponses
Votre historique - résultats
Vous n’avez pas pris ce quiz